| Tag |
First Indicator |
Second Indicator |
Subfields |
| LEADER |
00000cam a22000001a 4500 |
| 001 |
in00003247521 |
| 006 |
m d f |
| 007 |
cr bn mmmapmmp |
| 008 |
091026s1998 dcua o f000 0 eng d |
| 005 |
20260604203925.0 |
| 035 |
|
|
|a cis2007468573
|
| 040 |
|
|
|a UMI
|c UMI
|d UtOrBLW
|
| 043 |
|
|
|a n-us---
|
| 074 |
|
|
|a 1012-A-03
|
| 074 |
|
|
|a 1012-B-03 (MF)
|
| 086 |
0 |
|
|a Y 4.SE 2/1 A:997-98/37
|
| 088 |
|
|
|a H.N.S.C. no. 105-37
|
| 099 |
|
|
|a HRG-1998-HNS-0005
|
| 110 |
1 |
|
|a United States.
|b Congress.
|b House.
|b Committee on National Security.
|b Subcommittee on Military Research and Development.
|
| 245 |
1 |
0 |
|a Federal response to domestic terrorism involving weapons of mass destruction-training for first responders :
|b hearing before the Military Research and Development Subcommittee of the Committee on National Security, House of Representatives, One Hundred Fifth Congress, second session, hearing held, March 21, 1998.
|
| 264 |
|
1 |
|a Washington :
|b U.S. G.P.O. :
|c 1998.
|
| 264 |
|
2 |
|a Washington :
|b For sale by the U.S. G.P.O., Supt. of Docs., Congressional Sales Office,
|
| 300 |
|
|
|a 1 online resource.
|
| 336 |
|
|
|a text
|b txt
|2 rdacontent
|
| 337 |
|
|
|a computer
|b c
|2 rdamedia
|
| 338 |
|
|
|a online resource
|b cr
|2 rdacarrier
|
| 500 |
|
|
|a Record is based on bibliographic data in ProQuest Congressional Hearings Digital Collection. Reuse except for individual research requires license from ProQuest, LLC.
|
| 538 |
|
|
|a System requirements: PDF reader software.
|
| 500 |
|
|
|a Electronic resource.
|
| 650 |
|
0 |
|a Weapons of mass destruction.
|
| 650 |
|
0 |
|a Terrorism
|x Government policy
|z United States.
|
| 650 |
|
0 |
|a Terrorism
|z United States
|x Prevention.
|
| 650 |
|
0 |
|a National security
|z United States.
|
| 655 |
|
7 |
|a Electronic books.
|2 local
|
| 710 |
2 |
|
|a ProQuest (Firm)
|
| 776 |
0 |
8 |
|i Print version:
|a United States. Congress. House. Committee on National Security. Subcommittee on Military Research and Development.
|t Federal response to domestic terrorism involving weapons of mass destruction-training for first responders
|w (DGPO)97100904
|w (OCoLC)39862144
|
| 776 |
0 |
8 |
|i Microfiche version:
|a United States. Congress. House. Committee on National Security. Subcommittee on Military Research and Development.
|t Federal response to domestic terrorism involving weapons of mass destruction-training for first responders.
|d [Bethesda, Md.] : ProQuest,[2004]
|o CIS 98 H571-24
|w (ProQuest)cis09800838
|
| 830 |
|
0 |
|a U.S. Congressional Hearings.
|
| 856 |
4 |
0 |
|u http://proxy.library.tamu.edu/login?url=https://congressional.proquest.com/congcomp/getdoc?HEARING-ID=HRG-1998-HNS-0005
|z Connect to the full text of this electronic book
|t 0
|
| 998 |
|
|
|a cis09800838
|
| 999 |
|
|
|a MARS
|
| 999 |
f |
f |
|s 61b35ad6-6812-3446-9e4a-f4e5a333a7d2
|i dab02edb-5e91-33d2-a6fe-583787f14af6
|t 0
|
| 952 |
f |
f |
|a Texas A&M University
|b College Station
|c Electronic Resources
|s www_evans
|d Available Online
|t 0
|e HRG-1998-HNS-0005
|h Other scheme
|
| 998 |
f |
f |
|a HRG-1998-HNS-0005
|t 0
|l Available Online
|